14. Marketing a osobný predaj

Kategória osobného predaja. Rola osobného predaja v spoločnosti, v podniku. Nákupné rozhodovanie a predaj, typy nákupných rozhodovaní. Predajca ako profesionál, základné požiadavky na predajcu vo vzťahu k práci predaja.

Gespeichert in:
Bibliographische Detailangaben
1. Verfasser: Labská, Helena
Format: Buchkapitel
Sprache:Slowakisch
Schlagworte:
Tags: Tag hinzufügen
Keine Tags, Fügen Sie das erste Tag hinzu!

MARC

LEADER 00000naa$a2200000$$$4500
001 0081866
005 20240502071923.3
041 0 |a slo 
044 |a SK 
245 1 0 |a 14. Marketing a osobný predaj  |c Helena Labská 
520 |a Kategória osobného predaja. Rola osobného predaja v spoločnosti, v podniku. Nákupné rozhodovanie a predaj, typy nákupných rozhodovaní. Predajca ako profesionál, základné požiadavky na predajcu vo vzťahu k práci predaja. 
610 2 0 |a predaj priamy 
610 2 0 |a marketing 
610 2 0 |a predajcovia 
610 2 0 |a nákup 
610 2 0 |a rozhodovanie 
100 1 |a Labská, Helena